000 00790nam a2200229Ii 4500
003 JO-AjNU
008 230605s9999||||xx |||||||||||||| ||und||
017 _a1997/1833
020 _a977-01-5066-5
040 _aJO-AjNU
_bara
_erda
_cJO-AjNU
041 _aara
050 1 4 _aPJ7858.A33 Q48 2003
100 3 _aالقعيد، يوسف,
_eauthor
_940181
245 0 0 _aبلد المحبوب: وجع البعاد: القلوب البيضاء، الجزء السادس
264 3 1 _aالقاهرة: وزارة الثقافة، 2003
300 _aج6، 508ص
336 _atext
_btxt
_2rdacontent
337 _aunmediated
_bn
_2rdamedia
338 _avolume
_bnc
_2rdacarrier
490 0 _aسلسلة الاعمال الكاملة
650 4 _aالقصص العربية - قرن 20
_940182
999 _aA17030
_c20598
_d20598